000 00622nam a2200217 i 4500
001 C2-0130950
003 PPAK
005 20180727122047.0
008 971008s1985 io |||| ||||| | may d
040 _aPPAK
_beng
_cPPAK
_erda
082 0 4 _a499.2212
_223
090 0 0 _a499.2212
_bMOR
_dKIH
245 0 0 _aMorfologi kata kerja bahasa Kendayan
264 1 _aJakarta, Indonesia :
_bPusat Pembinaan dan Pembangunan Bahasa ,
_c1985
300 _axiii, 93 pages ;
_c21 cm
336 _2rdacontent
_atext
337 _2rdamedia
_aunmediated
338 _2rdacarrier
_avolume
650 1 0 _aIndonesian language
942 _ddc
_cB
999 _c40383
_d40383